WW2 Events - Statistics

General Stats
  • This quiz has been taken 38 times
  • The average score is 6 of 15
Answer Stats
Hint Answer % Correct
Who was German leader Hitler
90%
Who did Germany invade Poland
86%
Biggest camp Auschwitz
69%
6 June 1944 D-Day
69%
Jewish Genocide name Holocaust
59%
Where was above qa Normandy
52%
Who helped Germany USSR
52%
Who lost in 6 hours Denmark
38%
French German puppet Vichy France
34%
Austrian Annexation Anchluss
21%
The Group he was in? Axis
21%
Who was Axis enemy Allied
17%
The failed dutch battle Battle of Arnhem
7%
Where did France attack Benelux
3%
The dutch winter Hunger Winter
3%
No matching quizzes found
Score Distribution
Percent of People with Each Score
Percentile by Number Answered
Your Score History
You have not taken this quiz